000 00823nam a2200265Ia 4500
003 OSt
005 20221005062330.0
006 a|||||r|||| 00| 0
007 ta
008 221004b |||||||| |||| 00| 0 eng d
020 _a9780415422826 (pbk)
_c1184.53
024 _a107175
037 _b31398, 03/03/2011, Segment Book Distributors
_cTextual
040 _aCRL
_cCRL
_beng
041 _2eng
_aeng
082 _aR5,(N), Q0
100 _aGoldie Peter
_928396
245 0 _aWho's afraid of conceptual art?
260 _aLondon
_bRoutledge UK
_c2010
300 _avii,152p.
_ccm.
650 _aPHILOSOPHY
700 _a Schellekens Elisabeth
_9601730
942 _hR5,(N), Q0
_cTEXL
_2cc
999 _c969556
_d969556